| 000 | 01826nam0a2200325 4500 | ||
|---|---|---|---|
| 001 | RU\NLR\BIBL_A\022191614 | ||
| 005 | 20240522120736.0 | ||
| 010 |
_a978-5-907570-72-6 _9500 |
||
| 021 |
_aRU _bКН-П-24-012402 _9КН-П-24-1287 |
||
| 035 | _a(NLR Aleph) 022191614 | ||
| 090 |
_a13014733 _c13014733 |
||
| 100 | _a20240409d2023 u y0rusy50 ca | ||
| 101 | 0 | _arus | |
| 102 | _aRU | ||
| 105 | _aa|||j|||000yy | ||
| 181 | 0 |
_ai _baxxe |
|
| 182 | 0 | _an | |
| 200 | 1 |
_aСопротивление материалов в вопросах и ответах _eучебное пособие _eдля студентов очной и заочной форм обучения по всем техническим направлениям подготовки специалитета и бакалавриата _fГ. А. Неклюдова, Е. С. Евтух _gМинистерство науки и высшего образования Российской Федерации, Брянский государственный технический университет |
|
| 203 |
_aТекст _bвизуальный _cнепосредственный |
||
| 210 |
_aБрянск _cБГТУ _d2023 |
||
| 215 |
_a112 с. _cил., табл. _d20 |
||
| 320 | _aБиблиогр.: с. 99-100 (14 назв.) | ||
| 606 | 1 |
_aСопротивление материалов _jУчебные издания для высших учебных заведений _xЗадачи _xРешение _92107983 _3RU\NLR\AUTH\661274210 |
|
| 686 | 1 | _aЖ121я73-1 | |
| 700 | 1 |
_aНеклюдова _bГ. А. _gГалина Александровна |
|
| 701 | 1 |
_aЕвтух _bЕ. С. _gЕлена Сергеевна |
|
| 942 | _cBOOK | ||
| 980 | _aNB | ||